<?xml version="1.0" encoding="UTF-8"?><?xml-stylesheet type="text/xsl" href="static/style.xsl"?><OAI-PMH xmlns="http://www.openarchives.org/OAI/2.0/" xmlns:xsi="http://www.w3.org/2001/XMLSchema-instance" xsi:schemaLocation="http://www.openarchives.org/OAI/2.0/ http://www.openarchives.org/OAI/2.0/OAI-PMH.xsd"><responseDate>2026-04-19T11:59:53Z</responseDate><request verb="GetRecord" identifier="oai:riubu.ubu.es:10259/5947" metadataPrefix="marc">https://riubu.ubu.es/oai/request</request><GetRecord><record><header><identifier>oai:riubu.ubu.es:10259/5947</identifier><datestamp>2023-11-22T11:28:07Z</datestamp><setSpec>com_10259_2699</setSpec><setSpec>col_10259_2721</setSpec></header><metadata><record xmlns="http://www.loc.gov/MARC21/slim" xmlns:doc="http://www.lyncode.com/xoai" xmlns:xsi="http://www.w3.org/2001/XMLSchema-instance" xmlns:dcterms="http://purl.org/dc/terms/" xsi:schemaLocation="http://www.loc.gov/MARC21/slim http://www.loc.gov/standards/marcxml/schema/MARC21slim.xsd">
<leader>00925njm 22002777a 4500</leader>
<datafield tag="042" ind1=" " ind2=" ">
<subfield code="a">dc</subfield>
</datafield>
<datafield tag="720" ind1=" " ind2=" ">
<subfield code="a">Ortún Palacios, Jaime</subfield>
<subfield code="e">author</subfield>
</datafield>
<datafield tag="260" ind1=" " ind2=" ">
<subfield code="c">2019</subfield>
</datafield>
<datafield tag="520" ind1=" " ind2=" ">
<subfield code="a">Actualmente, hay una falta de herramientas computacionales para predecir el daño sufrido por&#xd;
los materiales nanoestructurados y su comportamiento en condiciones de trabajo severas&#xd;
como las que se esperan en las paredes de las cámaras de reacción en fusión nuclear o el&#xd;
blindaje de los satélites espaciales. Esta tesis intenta llenar este vacío mediante el desarrollo&#xd;
de un marco de modelado predictivo para optimizar el diseño de materiales que muestren una&#xd;
resistencia mejorada al daño y propiedades mecánicas excepcionales con aplicación en&#xd;
sistemas de ingeniería avanzada. Como enfoque innovador, se propone una metodología&#xd;
multiescala para testar materiales nanoestructurados trabajando en ambientes realistas que&#xd;
combina técnicas como la teoría del funcional de la densidad, dinámica molecular y el método&#xd;
de los elementos finitos (DFT, MD y FEM, respectivamente, por sus siglas en inglés).</subfield>
</datafield>
<datafield tag="520" ind1=" " ind2=" ">
<subfield code="a">Currently, there is a lack of computational tools to predict the damage suffered by&#xd;
nanostructured materials as well as their performance under severe operating conditions such&#xd;
as those expected in the walls of reaction chambers in nuclear fusion or the shielding of space&#xd;
satellites. This thesis attempts to fill this gap by developing a framework of predictive&#xd;
modeling to optimize the design of materials that exhibit improved resistance to damage and&#xd;
exceptional mechanical properties for application in advanced engineering systems. As an&#xd;
innovative approach, a multiscale methodology is proposed to test nanostructured materials&#xd;
working within realistic environments which combines techniques like density functional&#xd;
theory (DFT), molecular dynamics (MD) and finite element method (FEM).</subfield>
</datafield>
<datafield tag="024" ind2=" " ind1="8">
<subfield code="a">http://hdl.handle.net/10259/5947</subfield>
</datafield>
<datafield tag="024" ind2=" " ind1="8">
<subfield code="a">10.36443/10259/5947</subfield>
</datafield>
<datafield ind1=" " ind2=" " tag="653">
<subfield code="a">Modelización multiescala</subfield>
</datafield>
<datafield ind1=" " ind2=" " tag="653">
<subfield code="a">Grafeno</subfield>
</datafield>
<datafield ind1=" " ind2=" " tag="653">
<subfield code="a">Nanocompuestos metálicos multicapa</subfield>
</datafield>
<datafield ind1=" " ind2=" " tag="653">
<subfield code="a">Helio</subfield>
</datafield>
<datafield ind1=" " ind2=" " tag="653">
<subfield code="a">Defectos puntuales</subfield>
</datafield>
<datafield ind1=" " ind2=" " tag="653">
<subfield code="a">Multiscale modeling</subfield>
</datafield>
<datafield ind1=" " ind2=" " tag="653">
<subfield code="a">Graphene</subfield>
</datafield>
<datafield ind1=" " ind2=" " tag="653">
<subfield code="a">Nanoscale metallic multilayer composites</subfield>
</datafield>
<datafield ind1=" " ind2=" " tag="653">
<subfield code="a">Helium</subfield>
</datafield>
<datafield ind1=" " ind2=" " tag="653">
<subfield code="a">Point defects</subfield>
</datafield>
<datafield tag="245" ind1="0" ind2="0">
<subfield code="a">Multiscale design of supermaterials: frontier for high-performance engineering</subfield>
</datafield>
</record></metadata></record></GetRecord></OAI-PMH>